00834nam a2200253 a 4500001001000000003000900010005001700019007000300036008004100039040003500080082002900115100005100144245005300195264004400248300002800292336002800320337003400348338003000382500006300412650002400475650002700499650002900526650002500555000012709DO-SdBPM20260216090403.0ta091116s1990 dr 000 j spa d aDO-SdBPMbspacBPMSUerdadrda 4aRD863.44bP947h 19902221 aPrida Busto, Juan Manuel,d1956-eautor4aut. 10aHuellas en la niebla /cJuan Manuel Prida Busto. aSanto Domingo :bEditora Taller,c1990. a145 páginas ;c18 cm. 2rdacontent atextobtxt 2rdamediaasin mediación bn 2rdacarrier avolumen bnc aIncluye datos biográficos del autor en la contracubierta 7aCuentos dominicanos 7aLiteratura dominicana.z aShort stories, Dominicanz aDominican literature